00397nam a2200109Ia 4500008004100000100002500041245008200066260004600148300001100194650001300205856006900218160712s9999 xx 000 0 und d aGuillermo, roman G.  cRamon G. Guillermo,aUP Diksiyunaryong Filipino: Sinonismong Walang Hangganan c2015bDaluyan: Journal ng Wikang Filipino a no. 2 xFILIPINO uhttp://journals.upd.edu.ph/index.php/djwf/issue/view/473/showToc